Score 0/20 Timer 05:00
0 Plays Today
% Correct
Roseanne
90.6%
Rugrats
90.1%
The Ren and Stimpy Show
77.5%
Reba
71.6%
The Rosie O'Donnell Show
69.8%
Reno 911!
62.9%
Queer Eye for the Straight Guy
60.5%
The Real Housewives of New Jersey
56.2%
Rhoda
51.8%
Quantum Leap
51.4%
% Correct
Rescue Me
49.2%
Quincy M.E.
43.5%
The Rockford Files
41.8%
Rules of Engagement
40.1%
Remington Steele
40.1%
Rocko's Modern Life
39%
Real Time with Bill Maher
35%
Raising Hope
34.7%
Queer as Folk
19.9%
Roswell
9.9%
Remove Ads.
Support Sporcle.
Get the best of Sporcle when you Go Orange. This ad-free experience offers more features, more stats, and more fun while also helping to support Sporcle. Thank you for becoming a member.

You're not logged in!

Compare scores with friends on all Sporcle quizzes.
OR
Log In

Show Comments

Extras

Top Quizzes Today


Score Distribution

Your Account Isn't Verified!

In order to create a playlist on Sporcle, you need to verify the email address you used during registration. Go to your Sporcle Settings to finish the process.

Report this User

Report this user for behavior that violates our Community Guidelines.

Details: